Thomas' calculus / (Record no. 535596)

000 -LEADER
fixed length control field 01442cam a22003374a 4500
001 - CONTROL NUMBER
control field 17787488
003 - CONTROL NUMBER IDENTIFIER
control field NUST
005 - DATE AND TIME OF LATEST TRANSACTION
control field 20200917155049.0
008 - FIXED-LENGTH DATA ELEMENTS--GENERAL INFORMATION
fixed length control field 130621s2014 maua 001 0 eng
010 ## - LIBRARY OF CONGRESS CONTROL NUMBER
LC control number 2013023097
020 ## - INTERNATIONAL STANDARD BOOK NUMBER
International Standard Book Number 0321878965 (hardcover)
038 ## - RECORD CONTENT LICENSOR
Staff Name MSOHAIL
040 ## - CATALOGING SOURCE
Original cataloging agency DLC
Transcribing agency DLC
Modifying agency DLC
042 ## - AUTHENTICATION CODE
Authentication code pcc
050 00 - LIBRARY OF CONGRESS CALL NUMBER
Classification number QA303.2
Item number .W45 2014
082 00 - DEWEY DECIMAL CLASSIFICATION NUMBER
Classification number 515
Edition number 23
Author Mark THO
245 00 - TITLE STATEMENT
Title Thomas' calculus /
Statement of responsibility, etc. based on the original work by George B. Thomas, Jr., Massachusetts Institute of Technology ; as revised by Maurice D. Weir, Naval Postgraduate School ; Joel Hass, University of California, Davis, with the assistance of Christopher Heil, Georgia Institute of Technology.
250 ## - EDITION STATEMENT
Edition statement Thirteenth edition.
264 #0 - PRODUCTION, PUBLICATION, DISTRIBUTION, MANUFACTURE, AND COPYRIGHT NOTICE
Place of production, publication, distribution, manufacture Boston :
Name of producer, publisher, distributor, manufacturer Pearson,
Date of production, publication, distribution, manufacture, or copyright notice [2014]
300 ## - PHYSICAL DESCRIPTION
Extent xiv, 1032 pages :
Other physical details illustrations (some colored) ;
Dimensions 28 cm.
500 ## - GENERAL NOTE
General note Updated edition of: Thomas' calculus : early transcendentals / as revised by Maurice D. Weir, Joel Hass. c2010.
504 ## - BIBLIOGRAPHY, ETC. NOTE
Bibliography, etc. note Includes index.
650 #0 - SUBJECT ADDED ENTRY--TOPICAL TERM
Topical term or geographic name entry element Calculus
Form subdivision Textbooks.
9 (RLIN) 4507
650 #0 - SUBJECT ADDED ENTRY--TOPICAL TERM
Topical term or geographic name entry element Geometry, Analytic
Form subdivision Textbooks.
9 (RLIN) 4508
700 1# - ADDED ENTRY--PERSONAL NAME
Personal name Hass, Joel.
9 (RLIN) 4510
700 1# - ADDED ENTRY--PERSONAL NAME
Personal name Weir, Maurice D.
9 (RLIN) 4506
856 41 - ELECTRONIC LOCATION AND ACCESS
Materials specified Table of contents only
Uniform Resource Identifier <a href="http://www.loc.gov/catdir/toc/fy15pdf02/2013023097.html">http://www.loc.gov/catdir/toc/fy15pdf02/2013023097.html</a>
906 ## - LOCAL DATA ELEMENT F, LDF (RLIN)
a 7
b cbc
c orignew
d 1
e ecip
f 20
g y-gencatlg
942 ## - ADDED ENTRY ELEMENTS (KOHA)
Source of classification or shelving scheme
Koha item type Book
Holdings
Withdrawn status Lost status Source of classification or shelving scheme Damaged status Not for loan Permanent Location Current Location Date acquired Total Checkouts Full call number Barcode Date last seen Date last checked out Price effective from Koha item type
          School of Civil and Environmental Engineering (SCEE) School of Civil and Environmental Engineering (SCEE) 09/17/2020 1 515 THO NIT-13285 12/23/2021 11/18/2021 09/17/2020 Book
© 2023 Central Library, National University of Sciences and Technology. All Rights Reserved.